|
|
|
|
| LEADER |
04535nam a22005775i 4500 |
| 001 |
978-0-387-68566-3 |
| 003 |
DE-He213 |
| 005 |
20151204180929.0 |
| 007 |
cr nn 008mamaa |
| 008 |
100301s2008 xxu| s |||| 0|eng d |
| 020 |
|
|
|a 9780387685663
|9 978-0-387-68566-3
|
| 024 |
7 |
|
|a 10.1007/978-0-387-68566-3
|2 doi
|
| 040 |
|
|
|d GrThAP
|
| 050 |
|
4 |
|a RC927-927.5
|
| 072 |
|
7 |
|a MJM
|2 bicssc
|
| 072 |
|
7 |
|a MED083000
|2 bisacsh
|
| 082 |
0 |
4 |
|a 616.723
|2 23
|
| 245 |
1 |
0 |
|a Primer on the Rheumatic Diseases
|h [electronic resource] /
|c edited by John H. Klippel, John H. Stone, Leslie J. Crofford, Patience H. White.
|
| 250 |
|
|
|a 13.
|
| 264 |
|
1 |
|a New York, NY :
|b Springer New York,
|c 2008.
|
| 300 |
|
|
|a XIX, 721 p.
|b online resource.
|
| 336 |
|
|
|a text
|b txt
|2 rdacontent
|
| 337 |
|
|
|a computer
|b c
|2 rdamedia
|
| 338 |
|
|
|a online resource
|b cr
|2 rdacarrier
|
| 347 |
|
|
|a text file
|b PDF
|2 rda
|
| 505 |
0 |
|
|a Public Health and Arthritis: A Growing Imperative -- Evaluation of the Patient -- Musculoskeletal Signs and Symptoms -- Molecular and Cellular Basis of Immunity and Immunological Diseases -- Genetics and Disease -- Rheumatoid Arthritis -- Juvenile Idiopathic Arthritis -- Psoriatic Arthritis -- Ankylosing Spondylitis -- Reactive and Enteropathic Arthritis -- Osteoarthritis -- Gout -- Calcium Pyrophosphate Dihydrate, Hydroxyapatite, and Miscellaneous Crystals -- Infectious Disorders -- Systemic Lupus Erythematosus -- Antiphospholipid Syndrome -- Systemic Sclerosis -- Idiopathic Inflammatory Myopathies -- Metabolic Myopathies -- Sjögren’s Syndrome -- Vasculitides -- Relapsing Polychondritis -- Adult-Onset Still’s Disease -- Periodic Syndromes -- Less Common Arthropathies -- Complex Regional Pain Syndrome -- Sarcoidosis -- Storage and Deposition Diseases -- The Amyloidoses -- Neoplasms of the Joint -- Heritable Disorders of Connective Tissue -- Bone and Joint Dysplasias -- Osteonecrosis -- Paget’s Disease of Bone -- Osteoporosis -- Rehabilitation of Patients with Rheumatic Diseases -- Psychosocial Factors in Arthritis -- Self-Management Strategies* -- Pain Management -- Therapeutic Injections of Joints and Soft Tissues -- Nonsteroidal Anti-Inflammatory Drugs -- Glucocorticoids -- Operative Treatment of Arthritis -- Complementary and Alternative Therapies -- Systemic Sclerosis -- Idiopathic Inflammatory Myopathies -- Idiopathic Inflammatory Myopathies -- Idiopathic Inflammatory Myopathies -- Metabolic Myopathies -- Sjögren’s Syndrome -- Vasculitides -- Vasculitides -- Vasculitides -- Vasculitides -- Vasculitides -- Vasculitides -- Relapsing Polychondritis -- Adult-Onset Still’s Disease -- Periodic Syndromes -- Less Common Arthropathies -- Less Common Arthropathies -- Less Common Arthropathies -- Less Common Arthropathies -- Less Common Arthropathies -- Less Common Arthropathies -- Complex Regional Pain Syndrome -- Sarcoidosis -- Storage and Deposition Diseases -- The Amyloidoses -- Neoplasms of the Joint -- Heritable Disorders of Connective Tissue -- Bone and Joint Dysplasias -- Osteonecrosis -- Paget’s Disease of Bone -- Osteoporosis -- Osteoporosis -- Osteoporosis -- Rehabilitation of Patients with Rheumatic Diseases -- Psychosocial Factors in Arthritis -- Self-Management Strategies* -- Pain Management -- Therapeutic Injections of Joints and Soft Tissues -- Nonsteroidal Anti-Inflammatory Drugs -- Glucocorticoids -- Operative Treatment of Arthritis -- Complementary and Alternative Therapies.
|
| 520 |
|
|
|a One of the most prestigious, comprehensive texts on arthritis and related diseases, including osteoarthritis, rheumatoid arthritis, osteoporosis, lupus and more than one hundred others.
|
| 650 |
|
0 |
|a Medicine.
|
| 650 |
|
0 |
|a Dermatology.
|
| 650 |
|
0 |
|a Internal medicine.
|
| 650 |
|
0 |
|a Endocrinology.
|
| 650 |
|
0 |
|a Rheumatology.
|
| 650 |
|
0 |
|a Orthopedics.
|
| 650 |
|
0 |
|a Primary care (Medicine).
|
| 650 |
1 |
4 |
|a Medicine & Public Health.
|
| 650 |
2 |
4 |
|a Rheumatology.
|
| 650 |
2 |
4 |
|a Orthopedics.
|
| 650 |
2 |
4 |
|a Dermatology.
|
| 650 |
2 |
4 |
|a Primary Care Medicine.
|
| 650 |
2 |
4 |
|a Internal Medicine.
|
| 650 |
2 |
4 |
|a Endocrinology.
|
| 700 |
1 |
|
|a Klippel, John H.
|e editor.
|
| 700 |
1 |
|
|a Stone, John H.
|e editor.
|
| 700 |
1 |
|
|a Crofford, Leslie J.
|e editor.
|
| 700 |
1 |
|
|a White, Patience H.
|e editor.
|
| 710 |
2 |
|
|a SpringerLink (Online service)
|
| 773 |
0 |
|
|t Springer eBooks
|
| 776 |
0 |
8 |
|i Printed edition:
|z 9780387356648
|
| 856 |
4 |
0 |
|u http://dx.doi.org/10.1007/978-0-387-68566-3
|z Full Text via HEAL-Link
|
| 912 |
|
|
|a ZDB-2-SME
|
| 950 |
|
|
|a Medicine (Springer-11650)
|